00390 a2200133 4500000002500000100003200025110003200057245006200089250001900151260003000170264003000200942000700230999001900237 nam a22 7a 4500 aThakare, Mayur Chandrakant  aThakare, Mayur Chandrakant  aPlayground Construction, Dimensions and Equipment Manual  aLatest edition bKhel Sahitya Kendrac2025 bKhel Sahitya Kendrac2025 cBK c394173d394173